00522nam a2200145 i 450000100060000000300090000600500170001500700030003200800410003510000330007624501020010926000410021150000980025285200260035029283ES-MaACL20230906154014.0t|030121s1904 sp ||||1| spa d1 aBallester y Castell, Rafael.10aBosquejo histórico sobre la instrucción pública en Mallorca / cRafael Ballester y Castell. aPalma de Mallorca : b[s.n., c1904] aTrabajo premiado en el certamen literario verificado en Palma de Mallorca, en Agosto de 1903. aES-MaACLjT-1060-F-12